What Do You Do? - Sudden Death Sprint #1 - Statistics

General Stats
  • This quiz has been taken 32 times
  • The average score is 4 of 6
Answers on the Grid
Answers color-coded by a green-red scale on the quiz's grid according to % correct below.
Immediately start your car and move your car away from the spill
Grab the nozzle and redirect the flow of gas into the trash can
Locate and press the emergency shutoff button on the pump or at the station
Immediately alert a station employee to the situation
Use a water bottle to wash fuel off your clothes and car
Open your car's doors and trunk to ventilate fumes
Clean up the fuel with a rag or towel
Use absorbent material provided by the station attendant to clean up the spilled fuel
Quickly leave the gas station so nobody notices
Safely dispose of all fuel-stained clothes
Wash fuel-stained clothes in a washing machine
Wait for the station employee to clear you to leave
 
Answer Stats
Answer % Correct
This will stop the flow of gas out of the pump Locate and press the emergency shutoff button on the pump or at the station
96%
Employees have response and safety procedures and will be able to take care of the situation Immediately alert a station employee to the situation
81%
Materials like sand and kitty litter are good for absorbing oil spills Use absorbent material provided by the station attendant to clean up the spilled fuel
62%
The station may have procedures including completing an incident report involving you Wait for the station employee to clear you to leave
62%
The residue is still flammable Safely dispose of all fuel-stained clothes
58%
This will prevent the buildup of flammable gasses inside your vehicle Open your car's doors and trunk to ventilate fumes
42%
No matching quizzes found
Score Distribution
Percent of People with Each Score
Percentile by Number Answered
Your Score History
You have not taken this quiz